Państwa powyżej 100 milionów mieszkańców - nagła śmierć - Statystyki

Ogólne statystyki
  • Ten quiz został rozwiązany 209 razy
  • Średni wynik to 9 z 14
Answers on the Grid
Answers color-coded by a green-red scale on the quiz's grid according to % correct below.
Japonia
Indie
Uganda
Hiszpania
Stany Zjednoczone
Mjanma
Pakistan
Włochy
Indonezja
Angola
Brazylia
Bangladesz
Nigeria
Kolumbia
Rosja
Kongo
Meksyk
Chiny
Niemcy
Kanada
Filipiny
Tajlandia
Iran
Argentyna
Kirgistan
Egipt
Botswana
Etiopia
 
Statystyki odpowiedzi
Odpowiedź % Poprawnych
Stany Zjednoczone
88%
Indie
86%
Chiny
80%
Rosja
80%
Japonia
72%
Brazylia
67%
Indonezja
60%
Meksyk
60%
Pakistan
59%
Nigeria
57%
Bangladesz
52%
Egipt
41%
Filipiny
40%
Etiopia
37%
Nie znaleziono quizów pasujących do podanych kryteriów
Rozkład punktacji
Procent ludzi z każdym wynikiem
Percentyl według liczby udzielonych odpowiedzi
Twoja historia wyników
Nie rozwiązałeś tego quizu